[Event "PRO League Group Stage"]
[Site "chess.com INT"]
[Date "2019.02.14"]
[Round "6"]
[White "Agrest, Inna"]
[Black "Droin, Augustin"]
[Result "1-0"]
[WhiteTitle "WIM"]
[WhiteElo "2275"]
[BlackElo "2099"]
[WhiteTeam "Baden-Baden Snowballs"]
[BlackTeam "Cannes Blitzstreams"]
[WhiteFideId "1708830"]
[BlackFideId "45105987"]
[EventDate "2019.01.08"]

1. e4 c5 2. Nf3 Nc6 3. d4 cxd4 4. Nxd4 Nf6 5. Nc3 e5 6. Ndb5 d6 7. Bg5 a6 8. Na3
Be6 9. Nc4 Nd4 10. Ne3 Rc8 11. Bd3 Be7 12. Bxf6 Bxf6 13. O-O Bg5 14. Ncd5 O-O
15. c3 Nc6 16. Kh1 Bh6 17. Bc2 g6 18. Qf3 Bg7 19. Rad1 Kh8 20. Qe2 f5 21. exf5
gxf5 22. Qh5 e4 23. Nf4 Qf6 24. Rxd6 Nd8 25. Bb3 Rc6 26. Rfd1 Bh6 27. Nxe6 Nxe6
28. Rxc6 bxc6 29. Rd6 Bxe3 30. fxe3 Qg5 31. Qxg5 Nxg5 32. h4 f4 33. exf4 Nf7 34.
Rf6 e3 35. Kg1 Re8 36. Re6 Rxe6 37. Bxe6 Nd6 38. Kf1 Kg7 39. Ke2 Kf6 40. Bd7 Nc4
41. b3 Nb6 42. Bxc6 Kf5 43. Kxe3 a5 44. Kf3 h5 45. c4 1-0

[Event "PRO League Group Stage"]
[Site "chess.com INT"]
[Date "2019.02.14"]
[Round "6"]
[White "Borisek, Jure"]
[Black "Van Foreest, Jorden"]
[Result "0-1"]
[WhiteTitle "GM"]
[BlackTitle "GM"]
[WhiteElo "2584"]
[BlackElo "2612"]
[WhiteTeam "Ljubljana Turtles"]
[BlackTeam "Amsterdam Mosquitoes"]
[WhiteFideId "14603152"]
[BlackFideId "1039784"]
[EventDate "2019.01.08"]

1. e4 c5 2. Nf3 d6 3. d4 cxd4 4. Nxd4 a6 5. c4 Nf6 6. Nc3 e6 7. Be3 Be7 8. Be2
O-O 9. O-O b6 10. Qd2 Bb7 11. f3 Nbd7 12. a4 Qc7 13. a5 bxa5 14. Nb3 Rab8 15.
Nxa5 Ba8 16. Rfc1 h5 17. b4 h4 18. b5 Nc5 19. bxa6 Nxa6 20. Nb5 Qd8 21. Rd1 d5
22. cxd5 exd5 23. Nd4 Bb4 24. Qa2 Qb6 25. Nab3 Nc7 26. Nf5 Qe6 27. Nbd4 Qe5 28.
Rac1 dxe4 29. f4 Qd5 30. Qa7 Ne6 31. Bc4 Bc5 32. Ne7+ Kh7 33. Qxb8 Rxb8 34. Nxd5
Bxd5 35. Nf5 Bxe3+ 36. Nxe3 Bxc4 37. Rxc4 Nxf4 38. h3 Rb2 39. Rf1 N4h5 40. Nf5
Ng3 41. Nxg3 hxg3 42. Rc3 Nd5 43. Rxg3 f6 44. Rf5 Ne7 45. Rh5+ Kg8 46. Rc5 Rb1+
47. Kh2 Kf7 48. Rc7 Rb4 49. Ra3 Ke6 50. Raa7 Nf5 51. Rc5 g6 52. Ra6+ Kd7 53.
Rxf6 e3 54. Rxg6 Re4 55. Rg4 Re6 0-1

[Event "PRO League Group Stage"]
[Site "chess.com INT"]
[Date "2019.02.14"]
[Round "6"]
[White "Sebenik, Matej"]
[Black "Spoelman, Wouter"]
[Result "1/2-1/2"]
[WhiteTitle "GM"]
[BlackTitle "GM"]
[WhiteElo "2540"]
[BlackElo "2578"]
[WhiteTeam "Ljubljana Turtles"]
[BlackTeam "Amsterdam Mosquitoes"]
[WhiteFideId "14602296"]
[BlackFideId "1010891"]
[EventDate "2019.01.08"]

1. Nf3 d5 2. g3 Nf6 3. Bg2 c6 4. c4 dxc4 5. O-O Nbd7 6. Na3 Nb6 7. Qc2 Qd5 8. b3
cxb3 9. axb3 g6 10. Nc4 Nxc4 11. bxc4 Qd8 12. Bb2 Bg7 13. Bd4 a6 14. Rfb1 O-O
15. d3 Re8 16. Qb2 Qc7 17. Be5 Qd8 18. Nd4 Bf8 19. Nxc6 bxc6 20. Bxc6 Bh3 21.
Bxa8 Qxa8 22. Qb7 Nd7 23. Bd4 e5 24. Be3 Qxb7 25. Rxb7 Nc5 26. Rb6 Bc8 27. Rb8
Bd6 28. Rb6 Bf8 29. Rb8 Bd6 30. Rb6 Bf8 31. Rb8 1/2-1/2

[Event "PRO League Group Stage"]
[Site "chess.com INT"]
[Date "2019.02.14"]
[Round "6"]
[White "Vrolijk, Liam"]
[Black "Markoja, Boris"]
[Result "1/2-1/2"]
[WhiteTitle "IM"]
[BlackTitle "IM"]
[WhiteElo "2433"]
[BlackElo "2442"]
[WhiteTeam "Amsterdam Mosquitoes"]
[BlackTeam "Ljubljana Turtles"]
[WhiteFideId "1048333"]
[BlackFideId "14608502"]
[EventDate "2019.01.08"]

1. d4 d5 2. Nf3 Nf6 3. c4 dxc4 4. e3 b5 5. a4 b4 6. Bxc4 e6 7. O-O Bb7 8. a5 a6
9. Qe2 Be7 10. Nbd2 O-O 11. Rd1 Nbd7 12. b3 c5 13. Bb2 cxd4 14. Bxd4 Qc7 15.
Rdc1 Rfc8 16. Bb2 Qd8 17. Ne1 Nc5 18. Nd3 Nxd3 19. Qxd3 Qxd3 20. Bxd3 Rd8 21.
Rc7 Rxd3 22. Rxe7 Bd5 23. Bxf6 gxf6 24. e4 Rxd2 25. exd5 Rxd5 26. Rb7 Rad8 27.
g3 Rd1+ 28. Rxd1 Rxd1+ 29. Kg2 Rd5 30. Rxb4 Rxa5 31. Rb6 Kg7 32. Kf3 Ra2 33. h4
Kg6 34. Rb7 f5 35. Rb6 Kf6 36. Rb7 a5 37. b4 Rb2 38. b5 a4 39. Ra7 Rb3+ 40. Kg2
a3 41. b6 Rxb6 42. Rxa3 Rb4 43. Ra6 h5 44. Ra8 f4 45. Rh8 fxg3 46. Kxg3 Rb5 47.
f3 Kg7 48. Ra8 Rb3 49. Ra5 Kh6 50. Kf4 f6 51. Ra4 e5+ 52. Kg3 Kg6 53. Rc4 Kf5
54. Ra4 Rc3 55. Rb4 Ra3 56. Rc4 Ke6 57. Rc6+ Ke7 58. Kg2 Kf7 59. Rc7+ Kg6 60.
Rc4 Rd3 61. Kg3 f5 62. Rc6+ Kf7 63. Kg2 Rd4 64. Kg3 f4+ 65. Kg2 Rd2+ 66. Kg1 Kg7
67. Re6 Re2 68. Kf1 Re3 69. Kf2 Kh7 70. Kg2 Re2+ 71. Kf1 Re3 72. Kf2 Kg7 73. Kg2
Re2+ 74. Kf1 Re3 75. Kg2 Re2+ 76. Kf1 Re3 77. Kg2 1/2-1/2

[Event "PRO League Group Stage"]
[Site "chess.com INT"]
[Date "2019.02.14"]
[Round "6"]
[White "Van der Lende, Ilias"]
[Black "Stevanic, David"]
[Result "1/2-1/2"]
[WhiteTitle "FM"]
[BlackTitle "FM"]
[WhiteElo "2334"]
[BlackElo "2304"]
[WhiteTeam "Amsterdam Mosquitoes"]
[BlackTeam "Ljubljana Turtles"]
[WhiteFideId "1019260"]
[BlackFideId "14613921"]
[EventDate "2019.01.08"]

1. d4 Nf6 2. Nf3 g6 3. Nc3 Bg7 4. e4 d6 5. h3 c6 6. Be3 Nbd7 7. Qd2 b5 8. Bd3
Bb7 9. O-O O-O 10. Bh6 a6 11. Rae1 e5 12. dxe5 dxe5 13. Ne2 c5 14. Bxg7 Kxg7 15.
Ng3 c4 16. Be2 Nxe4 17. Nxe4 Bxe4 18. Rd1 Nf6 19. Nxe5 Qc7 20. Qc3 b4 21. Qg3 1/2-1/2

[Event "PRO League Group Stage"]
[Site "chess.com INT"]
[Date "2019.02.14"]
[Round "6"]
[White "Forcen Esteban, Daniel"]
[Black "Braun, Arik"]
[Result "0-1"]
[WhiteTitle "GM"]
[BlackTitle "GM"]
[WhiteElo "2567"]
[BlackElo "2598"]
[WhiteTeam "Barcelona Raptors"]
[BlackTeam "Berlin Bears"]
[WhiteFideId "2288230"]
[BlackFideId "4663527"]
[EventDate "2019.01.08"]

1. Nf3 Nf6 2. c4 e6 3. b3 d5 4. Bb2 Be7 5. g3 O-O 6. Bg2 c5 7. e3 Nc6 8. O-O
dxc4 9. bxc4 Qc7 10. Nc3 Rd8 11. d3 a6 12. Qe2 Rb8 13. a4 b6 14. Ne1 Bb7 15. f4
Nb4 16. Bxb7 Qxb7 17. g4 Rd7 18. Rd1 Rbd8 19. g5 Ne8 20. e4 Bf8 21. e5 Nc6 22.
Nc2 Ne7 23. Rf3 Nf5 24. Rh3 g6 25. Ne3 Qc6 26. Nxf5 exf5 27. Nd5 Rxd5 28. cxd5
Qxd5 29. d4 c4 30. Bc3 Nc7 31. Qe1 Ne6 32. Qh4 h5 33. gxh6 Kh7 34. Re3 Rd7 35.
Qf6 b5 36. axb5 axb5 37. Rg3 Nxf4 38. Bb4 Nh5 39. Qa6 Bxb4 40. Rg5 Bc5 41. Rxh5
Bxd4+ 42. Rxd4 Qxd4+ 43. Kg2 0-1

[Event "PRO League Group Stage"]
[Site "chess.com INT"]
[Date "2019.02.14"]
[Round "6"]
[White "Asis Gargatagli, Hipolito"]
[Black "Bezold, Michael"]
[Result "1-0"]
[WhiteTitle "IM"]
[BlackTitle "GM"]
[WhiteElo "2529"]
[BlackElo "2487"]
[WhiteTeam "Barcelona Raptors"]
[BlackTeam "Berlin Bears"]
[WhiteFideId "2260735"]
[BlackFideId "4601718"]
[EventDate "2019.01.08"]

1. e4 g6 2. d4 Bg7 3. Nc3 d6 4. Be3 a6 5. f4 b5 6. Bd3 Bb7 7. Nf3 Nd7 8. e5 c5
9. Be4 Qc8 10. Bxb7 Qxb7 11. dxc5 dxe5 12. Qd5 Qxd5 13. Nxd5 Rc8 14. Nb6 Rc7 15.
Nxe5 Nxe5 16. fxe5 Bxe5 17. c3 Nf6 18. a4 O-O 19. axb5 axb5 20. h3 Ne4 21. O-O
e6 22. Ra5 Nxc5 23. Bxc5 Rxc5 24. Nd7 Bc7 25. Ra6 Rc4 26. Nxf8 Kxf8 27. Rxe6 Bf4
28. Rf6 Be3+ 29. Kh1 Rc7 30. Re6 Bc1 31. Re2 Bh6 32. Re5 Rb7 33. b4 Bd2 34. Rc5
Kg7 35. g3 h5 36. Rd1 Be3 37. Re5 Ba7 38. Red5 Bb8 39. Kg2 Re7 40. R1d3 Ba7 41.
Rd7 Re2+ 42. Kf3 Ra2 43. Ke4 Kf6 44. Kd5 1-0

[Event "PRO League Group Stage"]
[Site "chess.com INT"]
[Date "2019.02.14"]
[Round "6"]
[White "Baldauf, Marco"]
[Black "Diaz Camallonga, Carles"]
[Result "0-1"]
[WhiteTitle "IM"]
[BlackTitle "IM"]
[WhiteElo "2485"]
[BlackElo "2432"]
[WhiteTeam "Berlin Bears"]
[BlackTeam "Barcelona Raptors"]
[WhiteFideId "4688210"]
[BlackFideId "22235256"]
[EventDate "2019.01.08"]

1. d4 e6 2. c4 Nf6 3. Nc3 Bb4 4. f3 d5 5. a3 Bxc3+ 6. bxc3 c5 7. cxd5 exd5 8. e3
Qc7 9. Ra2 Nc6 10. Bd3 Be6 11. Ne2 h5 12. O-O h4 13. Rb2 O-O-O 14. Rb5 a6 15.
Rb1 Rhg8 16. a4 g5 17. Ba3 c4 18. Bc2 g4 19. f4 Nh5 20. f5 Bd7 21. e4 dxe4 22.
d5 Be8 23. d6 Qa5 24. Bxe4 Nf6 25. Bc2 Bd7 26. Rf4 Qe5 27. Rxc4 Qe3+ 28. Kh1 h3
29. Qd3 Qf2 30. Rg1 Rge8 31. Nf4 Re1 0-1

[Event "PRO League Group Stage"]
[Site "chess.com INT"]
[Date "2019.02.14"]
[Round "6"]
[White "Berger, Steve"]
[Black "Alvarado Diaz, Alejandro"]
[Result "0-1"]
[WhiteTitle "IM"]
[BlackTitle "IM"]
[WhiteElo "2435"]
[BlackElo "2388"]
[WhiteTeam "Berlin Bears"]
[BlackTeam "Barcelona Raptors"]
[WhiteFideId "4644786"]
[BlackFideId "2276119"]
[EventDate "2019.01.08"]

1. e4 e6 2. d4 d5 3. Nc3 Bb4 4. e5 c5 5. a3 Bxc3+ 6. bxc3 Ne7 7. Qg4 Kf8 8. h4
Qc7 9. Rh3 cxd4 10. cxd4 Qxc2 11. h5 h6 12. Bd2 Nbc6 13. Bd3 Qb2 14. Rc1 Qxd4
15. Qxd4 Nxd4 16. Rc7 Ndc6 17. Bb4 Nxb4 18. axb4 Ke8 19. Rg3 Kd8 20. Rc1 Nc6 21.
Rxg7 Nxe5 22. Be2 Rf8 23. f4 Nc6 24. b5 Nd4 25. Rh7 Bd7 26. Rb1 Ke7 27. Rxh6 Rg8
28. Kf2 Rg7 29. Bd3 Rag8 30. Ke3 Rxg2 31. Kxd4 Rxg1 32. Rxg1 Rxg1 33. Rh8 Rh1
34. h6 Kd6 35. h7 f5 36. Rb8 Rxh7 37. Rxb7 Rh4 38. Ke3 Rh3+ 39. Kd4 Rf3 40. Rxa7
Rxf4+ 41. Kc3 Rf3 42. b6 Bb5 43. b7 Rxd3+ 44. Kb4 Kc7 45. Kxb5 Rb3+ 46. Kc5 Rxb7
47. Ra8 Kd7 48. Rh8 Rc7+ 49. Kd4 Rc4+ 50. Ke5 Re4+ 51. Kf6 f4 0-1

[Event "PRO League Group Stage"]
[Site "chess.com INT"]
[Date "2019.02.14"]
[Round "6"]
[White "Neiksans, Arturs"]
[Black "Vachier-Lagrave, Maxime"]
[Result "0-1"]
[WhiteTitle "GM"]
[BlackTitle "GM"]
[WhiteElo "2552"]
[BlackElo "2780"]
[WhiteTeam "Norway Gnomes"]
[BlackTeam "Marseille Migraines"]
[WhiteFideId "11601388"]
[BlackFideId "623539"]
[EventDate "2019.01.08"]

1. e4 c5 2. Nf3 d6 3. Bb5+ Nd7 4. O-O a6 5. Bd3 Ngf6 6. Re1 b5 7. c4 g5 8. Nxg5
Ne5 9. Be2 bxc4 10. Nc3 Rg8 11. d4 cxd3 12. Bxd3 Bh6 13. f4 Bxg5 14. fxg5 Bg4
15. Be2 Bxe2 16. Qxe2 Nfd7 17. Bf4 c4 18. Rf1 e6 19. Rad1 Nd3 20. Be3 N7e5 21.
b3 Qa5 22. Na4 Rb8 23. Qc2 Ng4 24. Ba7 Qxg5 25. Rxd3 cxd3 26. Qc6+ Kf8 27. Qxd6+
Kg7 28. h3 Ne5 29. h4 Rbd8 30. Qc7 Qg3 31. Rxf7+ Kg6 32. h5+ Kxh5 33. Rxh7+ Kg6
34. Bf2 Nf3+ 35. Kf1 Qxc7 36. Rxc7 d2 37. Nb2 d1=Q+ 38. Nxd1 Rxd1+ 39. Ke2 Rd2+
40. Ke3 Rgd8 0-1

[Event "PRO League Group Stage"]
[Site "chess.com INT"]
[Date "2019.02.14"]
[Round "6"]
[White "Christiansen, Johan-Sebastian"]
[Black "Fressinet, Laurent"]
[Result "0-1"]
[WhiteTitle "GM"]
[BlackTitle "GM"]
[WhiteElo "2559"]
[BlackElo "2655"]
[WhiteTeam "Norway Gnomes"]
[BlackTeam "Marseille Migraines"]
[WhiteFideId "1512668"]
[BlackFideId "608742"]
[EventDate "2019.01.08"]

1. e4 e5 2. Nf3 Nc6 3. Bc4 Bc5 4. O-O d6 5. c3 Nf6 6. b4 Bb6 7. a4 a5 8. b5 Ne7
9. d3 Ng6 10. h3 O-O 11. Re1 c6 12. Bb3 d5 13. exd5 Nxd5 14. Qc2 Bf5 15. Bc4
Ndf4 16. Rd1 Nh4 17. Nxh4 Qxh4 18. Bxf4 exf4 19. Qe2 Bxh3 20. Qf3 Bg4 21. Qxf4
g5 22. Qh2 Bxf2+ 23. Kh1 Bxd1 24. Nd2 Bh5 25. Ne4 Bg6 26. Nd6 Rab8 27. Rf1 Bg3
28. Qxh4 gxh4 29. Rf3 Bxd6 0-1

[Event "PRO League Group Stage"]
[Site "chess.com INT"]
[Date "2019.02.14"]
[Round "6"]
[White "Moussard, Jules"]
[Black "Salomon, Johan"]
[Result "1-0"]
[WhiteTitle "GM"]
[BlackTitle "GM"]
[WhiteElo "2605"]
[BlackElo "2494"]
[WhiteTeam "Marseille Migraines"]
[BlackTeam "Norway Gnomes"]
[WhiteFideId "642908"]
[BlackFideId "1509500"]
[EventDate "2019.01.08"]

1. Nf3 Nf6 2. g3 b5 3. Bg2 Bb7 4. O-O e6 5. d3 c5 6. e4 d6 7. a4 b4 8. Nbd2 Be7
9. Nc4 d5 10. exd5 Bxd5 11. Re1 O-O 12. Bf4 Bb7 13. Nfe5 Bxg2 14. Kxg2 Qd5+ 15.
Qf3 Re8 16. a5 Qxf3+ 17. Kxf3 Nd5 18. Bd2 f6 19. Ng4 Nc6 20. c3 Kf7 21. Ke2 h5
22. Nge3 Bf8 23. Kd1 Rad8 24. Kc2 Rd7 25. a6 Rb8 26. f4 b3+ 27. Kd1 Nc7 28. Ke2
Rbd8 29. Ra3 Nb5 30. Raa1 Rxd3 31. Red1 R3d7 32. Be1 Rxd1 33. Nxd1 e5 34. Bf2
exf4 35. gxf4 g5 36. fxg5 fxg5 37. Nd2 Rb8 38. Ra4 Kg6 39. h3 Nc7 40. Ra3 Re8+
41. Kf1 Rd8 42. Ke1 Ne5 43. Bg3 Nd3+ 44. Ke2 Ne6 45. Nc4 Ndf4+ 46. Ke1 Nxh3 47.
Rxb3 h4 48. Bb8 g4 49. Ne5+ Kf5 50. Ne3+ Ke4 51. N3xg4 Nef4 52. c4 Ng5 53. Bc7
Rc8 54. Rb7 h3 55. Rxa7 Bg7 56. Nf2+ Ke3 57. Neg4+ Kf3 58. Bxf4 1-0

[Event "PRO League Group Stage"]
[Site "chess.com INT"]
[Date "2019.02.14"]
[Round "6"]
[White "Maurizzi, Marc Andria"]
[Black "Mihajlov, Sebastian"]
[Result "0-1"]
[WhiteTitle "CM"]
[BlackTitle "IM"]
[WhiteElo "2028"]
[BlackElo "2363"]
[WhiteTeam "Marseille Migraines"]
[BlackTeam "Norway Gnomes"]
[WhiteFideId "36083534"]
[BlackFideId "1512110"]
[EventDate "2019.01.08"]

1. e4 e5 2. Nf3 Nc6 3. Bc4 Bc5 4. O-O Nf6 5. d3 O-O 6. a4 d6 7. c3 a5 8. Bg5 h6
9. Bh4 g5 10. Bg3 Bg4 11. Nbd2 Nh5 12. Nxg5 Bxd1 0-1

[Event "PRO League Group Stage"]
[Site "chess.com INT"]
[Date "2019.02.19"]
[Round "7"]
[White "Vallejo Pons, Francisco"]
[Black "Andreikin, Dmitry"]
[Result "1/2-1/2"]
[WhiteTitle "GM"]
[BlackTitle "GM"]
[WhiteElo "2698"]
[BlackElo "2725"]
[WhiteTeam "Barcelona Raptors"]
[BlackTeam "Volga Stormbringers"]
[WhiteFideId "2205530"]
[BlackFideId "4158814"]
[EventDate "2019.01.08"]

1. d4 d5 2. c4 c6 3. Nf3 Nf6 4. Nbd2 Bf5 5. Nh4 Be4 6. e3 e6 7. a3 Nbd7 8. Be2
Bd6 9. Nxe4 Nxe4 10. g3 O-O 11. O-O f5 12. Ng2 Qf6 13. Bd2 a5 14. Be1 Qh6 15. f3
Ng5 16. Nf4 Kh8 17. Qb3 Ra7 18. Rc1 Nf6 19. Rc2 a4 20. Qd3 Nh3+ 21. Nxh3 Qxh3
22. Rf2 Bxg3 23. hxg3 Qxg3+ 24. Kf1 Qh3+ 25. Kg1 Qg3+ 26. Kf1 Qh3+ 27. Kg1 Qg3+ 1/2-1/2

[Event "PRO League Group Stage"]
[Site "chess.com INT"]
[Date "2019.02.19"]
[Round "7"]
[White "Frolyanov, Dmitry"]
[Black "Ponomariov, Ruslan"]
[Result "0-1"]
[WhiteTitle "GM"]
[BlackTitle "GM"]
[WhiteElo "2517"]
[BlackElo "2664"]
[WhiteTeam "Volga Stormbringers"]
[BlackTeam "Barcelona Raptors"]
[WhiteFideId "4151976"]
[BlackFideId "14103320"]
[EventDate "2019.01.08"]

1. Nf3 d5 2. g3 c6 3. Bg2 g6 4. O-O Bg7 5. d4 Nd7 6. Nbd2 Ngf6 7. c4 O-O 8. b3
Ne4 9. Bb2 Ndf6 10. Rc1 Bf5 11. Nh4 Be6 12. Qc2 Nxd2 13. Qxd2 a5 14. a4 Qb6 15.
Qc2 Rfd8 16. Rfd1 Ne8 17. Ba3 dxc4 18. bxc4 Rxd4 19. Rxd4 Bxd4 20. e3 Bf6 21.
Nf3 Rd8 22. Nd2 Qc7 23. Ne4 Bg7 24. h4 Bf5 25. Qb3 Nf6 26. Nc5 b6 27. e4 Bc8 28.
Nd3 c5 29. Nf4 e6 30. Rb1 Nd7 31. h5 Bb7 32. Bb2 Bd4 33. Ne2 e5 34. Bc1 Kg7 35.
Bg5 f6 36. Bd2 Bc6 37. Bf3 Rf8 38. Kg2 f5 39. Nxd4 exd4 40. exf5 Rxf5 41. Bxc6
Qxc6+ 42. f3 Rxh5 43. Re1 Re5 44. Rxe5 Nxe5 45. Bf4 Nf7 0-1

[Event "PRO League Group Stage"]
[Site "chess.com INT"]
[Date "2019.02.19"]
[Round "7"]
[White "Diaz Camallonga, Carles"]
[Black "Bryakin, Mikhail"]
[Result "1-0"]
[WhiteTitle "IM"]
[BlackTitle "FM"]
[WhiteElo "2432"]
[BlackElo "2426"]
[WhiteTeam "Barcelona Raptors"]
[BlackTeam "Volga Stormbringers"]
[WhiteFideId "22235256"]
[BlackFideId "4165314"]
[EventDate "2019.01.08"]

1. e4 c5 2. Nf3 Nc6 3. d4 cxd4 4. Nxd4 Nf6 5. Nc3 e5 6. Ndb5 d6 7. Bg5 a6 8. Na3
b5 9. Nd5 Be7 10. Bxf6 Bxf6 11. c4 b4 12. Nc2 O-O 13. g3 a5 14. Bg2 Bg5 15. O-O
Bh6 16. b3 Ne7 17. Qd3 Be6 18. Nxe7+ Qxe7 19. Rad1 Rfd8 20. f4 f6 21. Kh1 Qa7
22. Ne3 Qc5 23. Nf5 Bxf5 24. exf5 Ra7 25. fxe5 fxe5 26. Bd5+ Kh8 27. f6 gxf6 28.
Rxf6 Bg7 29. Rf5 Rf8 30. Rxf8+ Bxf8 31. Rf1 Qc8 32. Qf3 Bg7 33. Qh5 a4 34. Be4
Qg8 35. Qf5 axb3 36. axb3 Ra8 37. Bxa8 Qxa8+ 38. Qf3 Qa2 39. Qg2 Qa7 40. Qc6 h6
41. Qxd6 Qe3 42. Qd1 Qc3 43. Rf3 Qb2 44. Re3 Qf2 45. Qe2 Qf8 46. Qf3 Qc5 47. Rd3
Qa5 48. Qd5 Qa1+ 49. Rd1 Qb2 50. Qa8+ Kh7 51. Qe4+ Kg8 52. Rd8+ Kf7 53. Qf5+ Bf6
54. Rd7+ 1-0

[Event "PRO League Group Stage"]
[Site "chess.com INT"]
[Date "2019.02.19"]
[Round "7"]
[White "Ivlev, Aleksey"]
[Black "Cubas Cabrera, Angel Luis"]
[Result "1-0"]
[WhiteTitle "FM"]
[WhiteElo "2326"]
[BlackElo "2083"]
[WhiteTeam "Volga Stormbringers"]
[BlackTeam "Barcelona Raptors"]
[WhiteFideId "24185949"]
[BlackFideId "32046561"]
[EventDate "2019.01.08"]

1. d4 d5 2. c4 e6 3. Nf3 Nf6 4. g3 Be7 5. Bg2 O-O 6. O-O dxc4 7. Qc2 b6 8. Bg5
Nbd7 9. Ne5 Nxe5 10. Bxa8 Qxd4 11. Bf4 Ba6 12. Bg2 Qc5 13. b4 Qd6 14. Rd1 Nd5
15. Nc3 c6 16. b5 Bxb5 17. Nxb5 cxb5 18. Qb2 Bf6 19. Qxb5 Nc3 20. Rxd6 Nxb5 21.
Rdd1 Ng6 22. Rac1 Nxf4 23. gxf4 Nc3 24. Rd2 b5 25. e4 Na4 26. e5 Be7 27. Rd7 Bc5
28. Bc6 Rb8 29. Kg2 g6 30. h4 h5 31. Rc7 Bb6 32. Rd7 Nc5 33. Rdd1 Nd3 34. Rb1 a6
35. Kf3 Nxf4 36. Kxf4 Bxf2 37. Rdc1 Rd8 38. Bb7 Rd4+ 39. Kf3 Bxh4 40. Bxa6 Rd2
41. Bxb5 Rxa2 42. Bxc4 Ra3+ 43. Rb3 Ra2 44. Rb8+ Kg7 45. Bxa2 Bg5 46. Rc7 h4 47.
Rbb7 Kh6 48. Rxf7 Bc1 49. Kg4 g5 50. Rh7+ Kg6 51. Bb1# 1-0

[Event "PRO League Group Stage"]
[Site "chess.com INT"]
[Date "2019.02.19"]
[Round "7"]
[White "Vachier-Lagrave, Maxime"]
[Black "Andriasian, Zaven"]
[Result "1-0"]
[WhiteTitle "GM"]
[BlackTitle "GM"]
[WhiteElo "2780"]
[BlackElo "2604"]
[WhiteTeam "Marseille Migraines"]
[BlackTeam "Armenia Eagles"]
[WhiteFideId "623539"]
[BlackFideId "13302000"]
[EventDate "2019.01.08"]

1. e4 e5 2. Nf3 Nc6 3. Bb5 d6 4. c3 Bd7 5. O-O Nge7 6. d4 g6 7. Bg5 Bg7 8. Qd2
O-O 9. Na3 a6 10. Bxc6 Bxc6 11. dxe5 Bxe4 12. exd6 cxd6 13. Rfe1 d5 14. Nd4 Re8
15. f3 f6 16. Bxf6 Bxf6 17. fxe4 dxe4 18. Rxe4 Nc6 19. Rxe8+ Qxe8 20. Nac2 Rd8
21. Rf1 Bg7 22. Qf4 Ne5 23. Qe4 Qd7 24. Ne3 Nc6 25. Nxc6 Qxc6 26. Qxc6 bxc6 27.
Nc4 Re8 28. Kf2 Re4 29. Nd2 Re5 30. Re1 Rb5 31. Nc4 Rf5+ 32. Ke2 h5 33. Rf1 Rc5
34. Rf4 Rd5 35. Re4 Kf7 36. h3 Kf6 37. Re8 Rg5 38. Ne3 Bh6 39. g4 Ra5 40. a3 Kf7
41. Re4 hxg4 42. hxg4 Kf6 43. Nc4 Rd5 44. Rd4 Rxd4 45. cxd4 Ke6 46. Kd3 Kd5 47.
Nb6+ Kd6 48. Ke4 Bc1 49. Nc4+ Ke6 50. a4 g5 51. b3 Bf4 52. Na5 Kd6 53. Nb7+ Kc7
54. Nc5 a5 55. Ne6+ Kd6 56. Nxf4 1-0

[Event "PRO League Group Stage"]
[Site "chess.com INT"]
[Date "2019.02.19"]
[Round "7"]
[White "Ter-Sahakyan, Samvel"]
[Black "Fressinet, Laurent"]
[Result "1-0"]
[WhiteTitle "GM"]
[BlackTitle "GM"]
[WhiteElo "2574"]
[BlackElo "2655"]
[WhiteTeam "Armenia Eagles"]
[BlackTeam "Marseille Migraines"]
[WhiteFideId "13302531"]
[BlackFideId "608742"]
[EventDate "2019.01.08"]

1. e4 e5 2. Nf3 Nc6 3. Bc4 Nf6 4. d3 Bc5 5. Bg5 h6 6. Bh4 d6 7. Nbd2 a6 8. c3
Ba7 9. Bb3 Qe7 10. Nc4 Be6 11. O-O g5 12. Bg3 O-O-O 13. Ne3 Bxe3 14. fxe3 Bxb3
15. axb3 d5 16. exd5 Nxd5 17. Qe1 e4 18. Nd4 Nxd4 19. exd4 e3 20. Qe2 Rhe8 21.
Rae1 Qd7 22. Be5 Re6 23. c4 Nb4 24. Bf6 Rxf6 25. Rxf6 Qxd4 26. Rxf7 Nxd3 27. Rd1
Kb8 28. Kf1 Rd6 29. Rf8+ Ka7 30. Rf3 g4 31. Rxe3 Qf6+ 32. Kg1 Nf4 33. Qf1 Rxd1
34. Qxd1 h5 35. Qd2 Qf5 36. Qd4+ c5 37. Qe5 Qb1+ 38. Re1 Nd3 39. Rxb1 Nxe5 40.
Rd1 Kb6 41. Rd5 1-0

[Event "PRO League Group Stage"]
[Site "chess.com INT"]
[Date "2019.02.19"]
[Round "7"]
[White "Sebag, Marie"]
[Black "Gabrielian, Artur"]
[Result "1-0"]
[WhiteTitle "GM"]
[BlackTitle "GM"]
[WhiteElo "2476"]
[BlackElo "2490"]
[WhiteTeam "Marseille Migraines"]
[BlackTeam "Armenia Eagles"]
[WhiteFideId "617822"]
[BlackFideId "4131002"]
[EventDate "2019.01.08"]

1. e4 c5 2. Nf3 d6 3. d4 cxd4 4. Qxd4 Nc6 5. Bb5 a6 6. Bxc6+ bxc6 7. c4 e5 8.
Qd3 Nf6 9. Nc3 Be7 10. O-O O-O 11. h3 Qc7 12. Be3 h6 13. Rac1 a5 14. Rfd1 Ba6
15. b3 Rfd8 16. Na4 Rab8 17. Qc2 Bf8 18. Nc3 Bb7 19. Qe2 Ba8 20. Na4 c5 21. Nd2
Nxe4 22. Nxe4 Bxe4 23. Bxh6 Bc6 24. Bg5 f6 25. Be3 Bxa4 26. bxa4 Qc6 27. Qd2 Rd7
28. h4 Rf7 29. Qxa5 Ra8 30. Qb5 Qe4 31. a5 Rb7 32. Qa4 f5 33. Bd2 f4 34. Qc2
Qxc2 35. Rxc2 Be7 36. Bc3 Kf7 37. g3 fxg3 38. fxg3 Ke6 39. Rcd2 Ra6 40. Rd5 g6
41. Kg2 Rb8 42. Kf3 Rf8+ 43. Ke2 Rb8 44. Ke3 Rb7 45. Ke4 Rb8 46. R5d3 Rf8 47.
Rb1 Rf2 48. Rd2 Rxd2 49. Bxd2 Bd8 50. Rb5 Bc7 51. g4 Ra8 52. h5 gxh5 53. gxh5
Kd7 54. h6 Ke6 55. a4 Bd8 56. h7 Bf6 57. Rb7 Bh8 58. Bh6 Bf6 59. Bg7 Bxg7 60.
Rxg7 1-0